La senda de la naturaleza : (Registro nro. 9783)

Detalles MARC
000 -LIDER
fixed length control field 00971nam a2200337 b 4500
001 - NÚMERO DE CONTROL
Identificador de número de control 00965711
003 - IDENTIFICACDOR DE NÚMERO DE CONTROL
control field DO-SdBNP
005 - DATE AND TIME OF LATEST TRANSACTION
control field 20180223151217.0
007 - CAMPOS FIJOS DE DESCRIPCIÓN FÍSICA
fixed length control field 00965711
008 - ELEMENTOS DE LONGITUD FIJA
fixed length control field 980813s 1985 sp a ||| ||spa
016 7# - NO. DE CONTROL DE LA AGENCIA BIB. NACIONAL
Record control number
Source BPMSU
017 ## - NÚMERO DE REGISTRO DE DERECHOS DE AUTOR
Copyright or legal deposit number
Assigning agency
020 ## - ISBN
International Standard Book Number 8473740246
035 ## - NÚMERO LOCAL
System control number
040 ## - FUENTE DE CATALOGACIÓN
Agencia que crea de manera original el registro BPMSU
Idioma de catalogación spa
Agencia que realiza la transcripción BPMSU
Convenciones de la despripción
080 #0 - NÚMERO DE CLASIFICACIÓN DECIMAL UNIVERSAL
Universal Decimal Classification number
080 #0 - NÚMERO DE CLASIFICACIÓN DECIMAL UNIVERSAL
Universal Decimal Classification number
080 #0 - NÚMERO DE CLASIFICACIÓN DECIMAL UNIVERSAL
Universal Decimal Classification number
100 1# - ASIENTO PRINCIPAL -- NOMBRE PERSONAL
Nombre personal Tarsky, Sue
245 10 - MENCIÓN DE TITULO
Título La senda de la naturaleza :
Subtítulo flores silvestres /
Medio (Designación general de material)
Mención de responsabilidad Sue Tarsky ; Adaptado por Antonio Zoria García ; ilustraciones David Ashby...[y otros]
260 ## - PUBLICACIÓN, DISTRIBUCIÓN, ETC. (PIE DE IMPRENTA)
Lugar de publicación, distribución, etc Madrid :
Nombre del editor, distribuidor, etc. Plesa,
-- SM,
Fecha de publicación, distribución, etc 1985.
300 ## - DESCRIPCIÓN FÍSICA
Extensión 39 p. :
Otros detalles físicos il. ;
Dimensiones 28 cm
490 0# - MENCIÓN DE SERIES
Mención de serie La Senda de la naturaleza
500 ## - NOTA GENERAL
Nota general Incluye índice
700 1# - ASIENTO SECUNDARIO -- NOMBRE PERSONAL
Nombre personal Zoria García, Antonio
Fechas asociadas con el nombre
Mención de responsabilidad adap.
700 1# - ASIENTO SECUNDARIO -- NOMBRE PERSONAL
Nombre personal Ashby, David
Mención de responsabilidad il.
830 ## - ASIENTO SECUNDARIO DE SERIE--TÍTULO UNIFORME
Título uniforme La Senda de la naturaleza
942 ## - ADDED ENTRY ELEMENTS (KOHA)
Source of classification or shelving scheme Dewey Decimal Classification
Koha item type Libros
945 ## - INFORMACIÓN DE PROCESAMIENTO LOCAL
Información de procesamiento local Inventariado, 2018/ YL
956 ## - LOCAL ELECTRONIC LOCATION AND ACCESS (OCLC)
Método de acceso VMATEO
Materiales especificados 10
Enlace 20160414
Campo enlazado y núm. de secuencia BPMSU
Nombre de host 0069
Existencias
Withdrawn status Lost status Source of classification or shelving scheme Damaged status Not for loan Collection code Home library Current library Date acquired Source of acquisition Total Checkouts Barcode Date last seen Price effective from Koha item type
    Dewey Decimal Classification     Colección Infantil General Biblioteca Pública Metropolitana Salomé Ureña Biblioteca Pública Metropolitana Salomé Ureña 04/14/2016 FUNDI   BPMSU18020259 04/14/2016 04/14/2016 Libros